T-vel kezdődő országok zászlói - Statistics

General Stats
  • This quiz has been taken 24 times
  • The average score is 8 of 10
Answer Stats
Picture Answer % Correct
Törökország
100%
Tanzánia
82%
Thaiföld
82%
Tádzsikisztán
77%
Trinidad és Tobago
77%
Tunézia
77%
Türkmenisztán
77%
Togo
64%
Tonga
59%
Tuvalu
55%
No matching quizzes found
Score Distribution
Percent of People with Each Score
Percentile by Number Answered
Your Score History
You have not taken this quiz